West European Countries in Order of Size - Statistics

General Stats
  • This quiz has been taken 24 times
  • The average score is 5 of 20
Answer Stats
Country Countries .... Word Bank Word Bank % Correct
1 France . Andorra
100%
2 Spain . Austria
80%
4 Germany . Denmark
27%
7 Iceland Iceland
27%
5 Italy . France
27%
3 Norway . Belgium
27%
8 Portugal . Ireland
27%
6 United Kingdom . Germany
27%
16 Andorra San Marino
13%
9 Austria . Italy
13%
14 Belgium Norway
13%
10 Ireland . Luxembourg
13%
15 Luxembourg Portugal
13%
17 Malta Spain
13%
19 Monaco United Kingdom
13%
12 Netherlands . Monaco
13%
18 San Marino Switzerland
13%
13 Switzerland Netherlands
13%
20 Vatican City Vatican City
13%
11 Denmark . Malta
7%
No matching quizzes found
Score Distribution
Percent of People with Each Score
Percentile by Number Answered
Your Score History
You have not taken this quiz